<?xml version="1.0" encoding="UTF-8"?>
<record
    xmlns:xsi="http://www.w3.org/2001/XMLSchema-instance"
    xsi:schemaLocation="http://www.loc.gov/MARC21/slim http://www.loc.gov/standards/marcxml/schema/MARC21slim.xsd"
    xmlns="http://www.loc.gov/MARC21/slim">

  <leader>01609nam a2200205 a 4500</leader>
  <controlfield tag="008">180221t2012    sp ||||g |||| 00| 1 spa d</controlfield>
  <datafield tag="020" ind1=" " ind2=" ">
    <subfield code="a">9788466652230</subfield>
  </datafield>
  <datafield tag="041" ind1=" " ind2=" ">
    <subfield code="a">spa</subfield>
  </datafield>
  <datafield tag="092" ind1=" " ind2=" ">
    <subfield code="c">808</subfield>
    <subfield code="l">KAB</subfield>
    <subfield code="s">46</subfield>
  </datafield>
  <datafield tag="100" ind1="1" ind2=" ">
    <subfield code="a">Kabus, Christine</subfield>
    <subfield code="9">4126</subfield>
  </datafield>
  <datafield tag="245" ind1="6" ind2=" ">
    <subfield code="a">En el coraz&#xF3;n de los fiordos.</subfield>
    <subfield code="b">Un antiguo medall&#xF3;n. Una fotograf&#xED;a. Un paisaje donde a&#xFA;n reverbera un secreto del pasado /</subfield>
    <subfield code="c">Christine Kabus</subfield>
  </datafield>
  <datafield tag="250" ind1=" " ind2=" ">
    <subfield code="a">1a ed.</subfield>
    <subfield code="b">Traducci&#xF3;n Ana Guelbenzu</subfield>
  </datafield>
  <datafield tag="260" ind1=" " ind2=" ">
    <subfield code="a">Barcelona:</subfield>
    <subfield code="b">Ediciones B;</subfield>
    <subfield code="c">2012.</subfield>
  </datafield>
  <datafield tag="300" ind1=" " ind2=" ">
    <subfield code="a">534 p.</subfield>
  </datafield>
  <datafield tag="500" ind1=" " ind2=" ">
    <subfield code="a">Kabus, C. (2012). En el coraz&#xF3;n de los fiordos. Un antiguo medall&#xF3;n. Una fotograf&#xED;a. Un paisaje donde a&#xFA;n reverbera un secreto del pasado. (1a ed.). Barcelona : Ediciones B.</subfield>
  </datafield>
  <datafield tag="505" ind1=" " ind2=" ">
    <subfield code="a">Nordfjordeid, 2010. Despu&#xE9;s de la muerte de su madre, Lisa, una exitosa fot&#xF3;grafa alemana, recibe un paquete de parte del notario de la familia. El mismo contiene un antiguo medall&#xF3;n, con la foto de una pareja en tiempos de guerra, y una carta de su madre. Esta foto amarillenta la llevar&#xE1; a viajar al tranquilo pueblo de Nordfjordeid, en Noruega, y ser&#xE1; la &#xFA;nica pista para que Lisa pueda rastrear y descubrir quienes fueron realmente sus antepasados. Lisa penetrar&#xE1; en la vida de los fiordos y descubrir&#xE1; en ellos no solo el verdadero amor sino tambi&#xE9;n el verdadero origen de su  madre, lo que le permitir&#xE1; esclarecer los secretos que llevan d&#xE9;cadas dormidos en la historia de su familia, las sombras de aquel pasado que alcanzaron y llegaron a cubrir su presente. </subfield>
  </datafield>
  <datafield tag="590" ind1=" " ind2=" ">
    <subfield code="a">Donacion Otero Moreno, Camilo/Marzo 2020</subfield>
  </datafield>
  <datafield tag="655" ind1=" " ind2=" ">
    <subfield code="a">Literatura</subfield>
    <subfield code="9">2917</subfield>
  </datafield>
  <datafield tag="942" ind1=" " ind2=" ">
    <subfield code="2">ddc</subfield>
    <subfield code="c">LIT</subfield>
  </datafield>
  <datafield tag="999" ind1=" " ind2=" ">
    <subfield code="c">3073</subfield>
    <subfield code="d">3073</subfield>
  </datafield>
  <datafield tag="952" ind1=" " ind2=" ">
    <subfield code="0">0</subfield>
    <subfield code="1">0</subfield>
    <subfield code="2">ddc</subfield>
    <subfield code="4">0</subfield>
    <subfield code="7">0</subfield>
    <subfield code="a">BFM</subfield>
    <subfield code="b">BFM</subfield>
    <subfield code="c">CR</subfield>
    <subfield code="d">2020-03-03</subfield>
    <subfield code="e">Donaci&#xF3;n Otero Morales, Camilo. Marzo 2020</subfield>
    <subfield code="l">0</subfield>
    <subfield code="o">808 46 KAB</subfield>
    <subfield code="p">4631</subfield>
    <subfield code="r">2020-03-03</subfield>
    <subfield code="t">Ej. 1</subfield>
    <subfield code="w">2020-03-03</subfield>
    <subfield code="y">LIT</subfield>
    <subfield code="z">Donaci&#xF3;n Otero Morales, Camilo. Marzo 2020</subfield>
  </datafield>
</record>
